আমার শিক্ষা ও দীক্ষা: (Record no. 27694)

MARC details
000 -LEADER
fixed length control field 01027nam a22002057a 4500
003 - CONTROL NUMBER IDENTIFIER
control field BDDh-ASL
005 - DATE AND TIME OF LATEST TRANSACTION
control field 20231016062617.0
008 - FIXED-LENGTH DATA ELEMENTS--GENERAL INFORMATION
fixed length control field 201104s1949 ii ||||| |||| 00| 0 b d
040 ## - CATALOGING SOURCE
Original cataloging agency BDDh-ASL
Transcribing agency BDDh-ASL
Modifying agency BDDh-ASL
041 ## - LANGUAGE CODE
Language code of text/sound track or separate title ben
082 ## - DEWEY DECIMAL CLASSIFICATION NUMBER
Classification number 922.5492
Item number ULA
100 1# - MAIN ENTRY--PERSONAL NAME
9 (RLIN) 5871
Personal name উল্লা, খান বাহাদুর আহ্ছান
Titles and words associated with a name আল্-হাজ
245 10 - TITLE STATEMENT
Title আমার শিক্ষা ও দীক্ষা:
Remainder of title তাওহিদ ইছলামের চরম ও পরম শিক্ষা /
246 ## - VARYING FORM OF TITLE
Title proper/short title Amar Shikha O Dhikha.
260 ## - PUBLICATION, DISTRIBUTION, ETC.
Place of publication, distribution, etc. কলিকাতা:
Date of publication, distribution, etc. মখদুমী লাইব্রেরী এণ্ড আহ্ছাসউল্লা বুক হাউস,
Name of publisher, distributor, etc. ১৯৪৯।
300 ## - PHYSICAL DESCRIPTION
Extent ৫৬ পৃষ্ঠা, :
Dimensions ২০ সে.মি.।
600 10 - SUBJECT ADDED ENTRY--PERSONAL NAME
9 (RLIN) 5871
Personal name উল্লা, খান বাহাদুর আহ্ছান
Titles and other words associated with a name আল্-হাজ
650 #0 - SUBJECT ADDED ENTRY--TOPICAL TERM
Topical term or geographic name entry element biographical dictionary - চরিতাভিধান
9 (RLIN) 4665
942 ## - ADDED ENTRY ELEMENTS (KOHA)
Source of classification or shelving scheme Dewey Decimal Classification
Koha item type Books
Holdings
Withdrawn status Lost status Source of classification or shelving scheme Damaged status Not for loan Collection code Home library Current library Shelving location Date acquired Source of acquisition Total Checkouts Full call number Barcode Date last seen Copy number Price effective from Koha item type Public note
    Dewey Decimal Classification     Non-fiction Asiatic Society Library Asiatic Society Library General Stacks 11/08/2021 Donated by Prof. (Dr.) M. Abdul Qayyum & Dr. Razia Sultana   922.5492 ULA 113866 11/08/2021 C-1 11/08/2021 Books RARE

Powered by Koha